| 000 | 00610nam a22001937a 4500 | ||
|---|---|---|---|
| 003 | OSt | ||
| 005 | 20260309085039.0 | ||
| 008 | 260309b |||||||| |||| 00| 0 eng d | ||
| 020 | _a9780330504249 | ||
| 040 |
_aDWCL-Main Lib _cOC |
||
| 082 |
_2revised edition _aProf. 650.11 Ad191 2009 |
||
| 100 | _aAdair, John | ||
| 245 | _aEffective time management : how to save time and spend it wisely / | ||
| 260 |
_aLondon : _bPan Books, _cc 2009 |
||
| 300 |
_axiii , 178 pages ; _c20 cm. |
||
| 504 | _a1. Includes index. | ||
| 650 | _aTime management (Psychology) | ||
| 942 |
_2ddc _cPROF. _erevised edition _mProf. _n0 |
||
| 999 |
_c8778 _d8778 |
||